[Event "Arequipa Copa del Rey 3rd"]
[Site "Arequipa"]
[Date "2014.11.02"]
[Round "6"]
[White "Flores, Guillermo"]
[Black "Alarcon, G Alejandro"]
[Result "1-0"]
[WhiteElo "2071"]
[BlackElo "1816"]
[PlyCount "101"]
[EventDate "2014.10.31"]
[EventType "swiss"]
[EventRounds "7"]
[EventCountry "PER"]
[SourceTitle "EXT 2018"]
[Source "ChessBase"]
[SourceDate "2017.10.13"]
[SourceVersion "1"]
[SourceVersionDate "2017.10.13"]
[SourceQuality "1"]

1. d4 d5 2. Nc3 Nf6 3. Nf3 c6 4. Bg5 Bf5 5. e3 e6 6. Bd3 Bg6 7. Ne5 Be7 8. Nxg6 hxg6 9. Qe2 Nbd7 10. f4 Nh5 11. Bxe7 Qxe7 12. 0-0-0 Qh4 13. g3 Qh3 14. Qf3 Nhf6 15. Ne2 Qg4 16. Qg2 Qh3 17. Qf3 Qg4 18. Qf2 0-0-0 19. Nc3 Qh5 20. h3 g5 21. g4 Qh4 22. Qf3 gxf4 23. exf4 g5 24. Rdf1 Rdf8 25. Na4 Qh6 26. f5 Ne8 27. Nc5 Nxc5 28. dxc5 Qf6 29. Qe3 e5 30. c4 e4 31. Bc2 Nc7 32. Rd1 Qe7 33. Bb3 Rd8 34. Rhe1 f6 35. Kb1 Qe5 36. a3 Qf4 37. cxd5 cxd5 38. Qc3 Qe5 39. Qxe5 fxe5 40. Re3 Rh6 41. Ba2 Rc6 42. b4 Nb5 43. Bxd5 Nc7 44. Bb3 Rxd1+ 45. Bxd1 Nd5 46. Kb2 Kd7 47. Kb3 Nf4 48. Bc2 Rh6 49. Bxe4 Rxh3 50. Rxh3 Nxh3 51. Bd5 1-0

[Event "Arequipa Copa del Rey 3rd"]
[Site "Arequipa"]
[Date "2014.11.01"]
[Round "3"]
[White "Alarcon, G Alejandro"]
[Black "Cespedes Torres, Jose Mart"]
[Result "1/2-1/2"]
[WhiteElo "1816"]
[BlackElo "1760"]
[PlyCount "106"]
[EventDate "2014.10.31"]
[EventType "swiss"]
[EventRounds "7"]
[EventCountry "PER"]
[SourceTitle "EXT 2018"]
[Source "ChessBase"]
[SourceDate "2017.10.13"]
[SourceVersion "1"]
[SourceVersionDate "2017.10.13"]
[SourceQuality "1"]

1. e4 e6 2. d4 d5 3. exd5 exd5 4. Bd3 Bd6 5. h3 Nc6 6. c3 Nge7 7. Nf3 0-0 8. 0-0 Bf5 9. Bg5 Qd7 10. Bxe7 Nxe7 11. Bxf5 Qxf5 12. Re1 Ng6 13. Nbd2 Rfe8 14. Nf1 Rxe1 15. Qxe1 c6 16. Ng3 Qd7 17. Qd2 Re8 18. Re1 Bf4 19. Rxe8+ Qxe8 20. Qe2 Qxe2 21. Nxe2 Bd6 22. g3 f6 23. Nc1 Kf7 24. Nd3 b6 25. Kf1 Ne7 26. Nd2 Ke6 27. Ke2 g5 28. Nf1 h5 29. f4 gxf4 30. Nxf4+ Bxf4 31. gxf4 c5 32. Ne3 Nf5 33. Nxf5 Kxf5 34. dxc5 bxc5 35. Kf3 d4 36. cxd4 cxd4 37. b4 d3 38. a4 d2 39. Ke2 Kxf4 40. Kxd2 Ke4 41. Kc3 f5 42. b5 f4 43. a5 Ke3 44. b6 axb6 45. axb6 f3 46. b7 f2 47. b8Q f1Q 48. Qe5+ Kf2 49. Qxh5 Qa1+ 50. Kd3 Qb1+ 51. Kc4 Qc2+ 52. Kb4 Qe4+ 53. Kc5 Kg3 1/2-1/2

[Event "Arequipa Copa del Rey 3rd"]
[Site "Arequipa"]
[Date "2014.10.31"]
[Round "2"]
[White "Gonzales Curse, Flavio"]
[Black "Alarcon, G Alejandro"]
[Result "0-1"]
[WhiteElo "1839"]
[BlackElo "1816"]
[PlyCount "94"]
[EventDate "2014.10.31"]
[EventType "swiss"]
[EventRounds "7"]
[EventCountry "PER"]
[SourceTitle "EXT 2018"]
[Source "ChessBase"]
[SourceDate "2017.10.13"]
[SourceVersion "1"]
[SourceVersionDate "2017.10.13"]
[SourceQuality "1"]

1. d4 d5 2. c4 c6 3. Nc3 Nf6 4. cxd5 cxd5 5. Bf4 Nc6 6. e3 a6 7. Nf3 e6 8. a3 Bd6 9. Bxd6 Qxd6 10. Be2 0-0 11. 0-0 Bd7 12. Rc1 Rac8 13. Nd2 Rfd8 14. f4 Ne7 15. Bf3 Qb6 16. Qb3 Qxb3 17. Nxb3 b6 18. Nd2 Bc6 19. g4 Ne8 20. Be2 b5 21. b4 Nd6 22. Nb3 Nc4 23. Bxc4 dxc4 24. Na5 Nd5 25. Kf2 Nxc3 26. Rxc3 Be4 27. a4 f6 28. Kg3 g6 29. axb5 axb5 30. g5 Kg7 31. gxf6+ Kxf6 32. h4 Kf5 33. Rg1 h6 34. Kf2 Rg8 35. Ke2 Bd5 36. Kd2 Rcf8 37. Rcc1 Rc8 38. Rg3 Be4 39. Kc3 Rc7 40. Ra1 Bd5 41. Rag1 Rcg7 42. Rf1 Kf6 43. Rf2 Ke7 44. Rf1 g5 45. Rfg1 Kf6 46. fxg5+ hxg5 47. hxg5+ Rxg5 0-1

[Event "Arequipa GP Peru Sur"]
[Site "Arequipa"]
[Date "2013.06.27"]
[Round "1"]
[White "Leiva Rodriguez, Jeammarco Giuseppe"]
[Black "Alarcon, G Alejandro"]
[Result "1-0"]
[WhiteElo "2417"]
[BlackElo "1721"]
[PlyCount "135"]
[EventDate "2013.06.27"]
[EventType "swiss"]
[EventRounds "8"]
[EventCountry "PER"]
[SourceTitle "EXT 2018"]
[Source "ChessBase"]
[SourceDate "2017.10.13"]
[SourceVersion "1"]
[SourceVersionDate "2017.10.13"]
[SourceQuality "1"]

1. Nf3 d5 2. c4 e6 3. d4 Nf6 4. g3 Be7 5. Bg2 c6 6. Nc3 0-0 7. 0-0 Na6 8. b3 Nc7 9. Bb2 Bd7 10. Ne5 b5 11. Rc1 Rb8 12. Qc2 Na6 13. Rfd1 Qa5 14. c5 Rfd8 15. f3 Be8 16. e4 b4 17. Na4 Nc7 18. Nd3 Bd7 19. e5 Nfe8 20. f4 Bc8 21. Bh3 g6 22. Ra1 Ba6 23. Bc1 Bxd3 24. Rxd3 Nb5 25. Qd2 Ng7 26. Bb2 Nc7 27. Re3 Kf8 28. Bf1 Ke8 29. Rf3 Kd7 30. Rf2 h5 31. Rd1 Nf5 32. Qe1 g5 33. a3 gxf4 34. Rxf4 Bg5 35. Rf3 Rg8 36. Kh1 Be7 37. Bd3 Nh6 38. Bc1 Ng4 39. h3 Rh8 40. Rxf7 Nh6 41. Rg7 Ne8 42. Rg6 Nf7 43. Bd2 Qd8 44. axb4 Ng5 45. Kg2 Nc7 46. h4 Nf7 47. Qe2 Nb5 48. Be3 Qe8 49. Rf1 Nd8 50. Rg7 Kc8 51. Bg6 Qd7 52. Bg5 Nxd4 53. Qd3 Qb7 54. Qxd4 Bxc5 55. Rxb7 Bxd4 56. Rxb8+ Kxb8 57. Bf6 Rf8 58. Nc5 Bxc5 59. bxc5 Nb7 60. Be7 Rxf1 61. Kxf1 Na5 62. b4 Nb3 63. g4 hxg4 64. h5 d4 65. h6 d3 66. Bxd3 Nd4 67. h7 g3 68. h8Q+ 1-0